000 00653nam a2200217Ia 4500
003 GCL
008 140319s9999 xx 000 0 ara d
040 _aGCL /
_cGCL
082 0 4 _aط
_b318.06
_bس ج
100 1 _aالسيد القماحى
245 1 0 _aجحا فى قسم الشرطة /
_cالسيد القماحى
700 1 _aمحمد شحاتة (رسوم)
260 _a[S.N] :
_bدار الكتاب المصرى ،
_c1992
300 _a16
490 _aجحا رائد الفضاء
_v0
650 0 4 _aالاطفال
650 0 4 _aالقصص
650 0 4 _aقصص الاطفال
650 0 4 _aالقصص الفكاهية
942 _2ddc
_cBK
999 _c58367
_d58367